00459cam a2200169ua 45000010006000000050017000060080039000230200018000620400009000800410008000890820008000971000033001052450058001382600048001963000010002446530035002541136920260515114738.0190916n ii |||gr||||Z||||||eng a9788131102541 cMAIN aeng a810 aStella Mary George,eAuthor. aStudies in american literaturecBy Stella Mary George aNew Delhi:bCommonwealth publishers,c2012. a249p. aAmerican literature in English